Normal view
MARC view
Entry Personal Name
001 - CONTROL NUMBER
- control field: 17421
003 - CONTROL NUMBER IDENTIFIER
- control field: OSt
005 - DATE AND TIME OF LATEST TRANSACTION
- control field: 20230215094709.0
008 - FIXED-LENGTH DATA ELEMENTS
- fixed length control field: 230215|| aca||aabn | a|a d
040 ## - CATALOGING SOURCE
- Original cataloging agency: OSt
- Transcribing agency: OSt
100 ## - HEADING--PERSONAL NAME
- Personal name: စိန်ခန့်၊ ဦး၊ ဆရာ၊ ပဋ္ဌမကျော်
670 ## - SOURCE DATA FOUND
- Source citation: Work cat.: (OSt): စိန်ခန့်၊ ဦး၊ ဆရာ၊ ပဋ္ဌမကျော်, ဘိုးဘိုးအောင်၏မဟာဂန္ဓာရီကျင့်စဉ်ကျမ်း\, ၁၉၅၀